Statistiques concernant Prépositions en 1 mot

Cliquez ici pour prendre le quiz!

Statistiques générales

  • Ce quiz a été pris 26 fois
  • Le résultat moyen est 11 sur 37

Statistiques - réponses

Prépositions% Correct
À
96%
De
88%
En
79%
Dans
75%
Par
75%
Pour
75%
Avec
71%
Sous
67%
Sans
58%
Vers
58%
Sur
54%
Dès
33%
Chez
25%
Après
21%
Contre
21%
Derrière
17%
Devant
17%
Entre
17%
Près
17%
Hors
13%
Malgré
13%
Parmis
13%
Depuis
8%
Envers
8%
Hormis
8%
Jusque
8%
Outre
8%
Pendant
8%
Durant
4%
Sauf
4%
Selon
4%
Via
4%
Concernant
0%
Moyennant
0%
Nobostant
0%
Suivant
0%
Touchant
0%

Distribution des résultats

Percentile par nombre de réponses

% des personnes avec chaque résultat

Votre développement - résultats

Vous n’avez pas pris ce quiz